书目信息 |
| 题名: |
简明基因工程与应用
|
|
| 作者: | 吴建平 主编 | |
| 分册: | ||
| 出版信息: | 北京 科学出版社 2005.09 |
|
| 页数: | 320页 | |
| 开本: | 24cm | |
| 丛书名: | ||
| 单 册: | ||
| 中图分类: | Q78 | |
| 科图分类: | ||
| 主题词: | 基因--ji yin--遗传工程 | |
| 电子资源: | ||
| ISBN: | 7-03-014410-4 | |
| 000 | 00765nam0 2200229 450 | |
| 001 | 012006528236 | |
| 005 | 20060522093627.46 | |
| 010 | @a7-03-014410-4@dCNY45.00 | |
| 100 | @a20060425d2005 km y0chiy0120 ea | |
| 101 | 0 | @achi |
| 102 | @aCN@b110000 | |
| 105 | @aa a 001yy | |
| 200 | 1 | @a简明基因工程与应用@Ajian ming ji yin gong cheng yu ying yong@f吴建平主编@Fwu jian ping zhu bian |
| 210 | @a北京@c科学出版社@d2005.09 | |
| 215 | @a320页@c图@d24cm | |
| 320 | @a有书目 (第307-311页) 和索引。 | |
| 330 | @a本书收集了国内外在基因工程技术领域取得的最新科研成果、技术资料和实践成就,通俗易懂,可读性强。 | |
| 606 | 0 | @a基因@Aji yin@x遗传工程 |
| 690 | @aQ78@v4 | |
| 701 | 0 | @a吴建平@Awu jian ping@4主编 |
| 801 | 0 | @aCN@bQSSK@c20060522 |
| 905 | @a10447@dQ78@eW804 | |
| 简明基因工程与应用/吴建平主编.-北京:科学出版社,2005.09 |
| 320页:图;24cm |
| ISBN 7-03-014410-4:CNY45.00 |
| 本书收集了国内外在基因工程技术领域取得的最新科研成果、技术资料和实践成就,通俗易懂,可读性强。 |
| ● |
| 相关链接 |
|
|
|
正题名:简明基因工程与应用
索取号:Q78/W804
 
预约/预借
| 序号 | 登录号 | 条形码 | 馆藏地/架位号 | 状态 | 备注 |
| 1 | 559383 | 205593838 | 自科库401/401自科库 31排2列5层/ [索取号:Q78/W804] | 在馆 | |
| 2 | 559384 | 205593847 | 自科库401/401自科库 31排2列5层/ [索取号:Q78/W804] | 在馆 | |
| 3 | 559385 | 205593856 | 自科库401/401自科库 31排2列5层/ [索取号:Q78/W804] | 在馆 |